[Event "Bad Woerishofen op"]
[Site "Bad Woerishofen"]
[Date "2001.??.??"]
[Round "6"]
[White "Malzer, Werner"]
[Black "Engl, Heinz"]
[Result "0-1"]
[WhiteElo "1854"]
[BlackElo "2142"]
[Annotator "ChessOrg"]
[PlyCount "54"]
[EventDate "1998.03.05"]
[Source "ChessBase"]
[SourceDate "1998.04.29"]

1. e4 {B74: Sizilianisch (Drachen-Variante)} 1... c5 2. Nf3 d6 3. d4 cxd4 4.
Nxd4 Nf6 5. Nc3 g6 6. Be2 Bg7 7. Be3 Nc6 8. Nb3 O-O 9. O-O Be6 10. f4 Qc8 11.
Nd4 {letzter Buchzug} 11... Nxd4 12. Bxd4 Bc4 (12... Rd8 13. Re1 $11) 13. Rf3
Re8 14. Qf1 $4 (14. f5 $14 $142) 14... Nxe4 $1 $19 15. Nxe4 Bxd4+ 16. Kh1 Bd5 (
16... Bxe2 17. Qxe2 17... Bxb2 $19) 17. Bd3 $2 (17. Rd3 $142 17... Bxe4 18.
Rxd4 $17) 17... f5 $19 18. Ng5 h6 19. Rh3 $2 (19. c3 Bg7 20. Bb5 hxg5 21. Bxe8
Bxf3 22. Bxg6 $19) 19... hxg5 20. fxg5 Kg7 (20... Bxb2 $5 21. c4 Bf7 22. Re1
$19) 21. c3 Be5 22. Re1 (22. c4 22... Bf7 $19) 22... Rh8 23. Ree3 f4 24. Rxh8
Qxh8 25. Re2 (25. Rxe5 dxe5 26. Qe2 26... Kf7 $19) 25... Qh5 (25... Bxa2 $143
26. Qf3 Rb8 27. Qg4 $19) 26. c4 (26. Rf2 $19) 26... Rh8 27. Qg1 f3 (27... f3
28. cxd5 28... fxe2 $19) 0-1

[Event "Bad Woerishofen op"]
[Site "Bad Woerishofen"]
[Date "2001.??.??"]
[Round "8"]
[White "Malzer, Werner"]
[Black "Proksch, Guenter"]
[Result "0-1"]
[WhiteElo "1854"]
[BlackElo "2079"]
[Annotator "ChessOrg"]
[PlyCount "80"]
[EventDate "1998.03.05"]
[Source "ChessBase"]
[SourceDate "1998.04.29"]

1. e4 {B40: Sizilianisch (Klassisches System mit e7-e6))} 1... c5 2. Nf3 e6 3.
d4 cxd4 4. Nxd4 Nf6 5. Bd3 Nc6 6. Nxc6 dxc6 7. O-O e5 8. h3 {letzter Buchzug}
8... Be6 9. Bg5 Be7 10. Nd2 Qc7 11. Qe2 h6 12. Bh4 O-O 13. Bg3 Nd7 14. Bc4 Bxc4
15. Nxc4 Bc5 16. Rad1 Rad8 17. Rd2 f6 18. Rfd1 Nb6 19. c3 Rxd2 20. Rxd2 Rd8 21.
Rxd8+ Qxd8 22. b4 Bf8 23. Ne3 Kh7 24. h4 c5 25. a3 cxb4 26. axb4 Qc8 27. Qd3
Qd7 28. Nd5 Nxd5 29. exd5+ Kg8 30. f3 b5 31. Bf2 a6 32. Bc5 Bd6 33. Kf1 Qc7 34.
Qe3 f5 35. Bxd6 Qxd6 36. Qc5 (36. Qd3 36... f4 $11) 36... Qxc5 $15 37. bxc5 Kf7
38. Ke2 a5 39. Kd2 (39. Kd3 39... a4 $17) 39... a4 40. Kc2 e4 (40... e4 41.
fxe4 41... fxe4 $19) 0-1

[Event "Bad Woerishofen op"]
[Site "?"]
[Date "2001.??.??"]
[Round "1"]
[White "Maniocha, Marek"]
[Black "Pelletier, Yannick"]
[Result "0-1"]
[WhiteElo "2073"]
[BlackElo "2548"]
[Annotator "ChessOrg"]
[PlyCount "59"]
[EventDate "2000.??.??"]

1. Nf3 {A05: Uebergaenge in verschiedene Eroeffnungen} 1... Nf6 2. g3 b5 3. Bg2
Bb7 4. d3 {letzter Buchzug} 4... c5 5. e4 d6 6. O-O Nbd7 7. Nbd2 g6 8. Qe2 e5
9. a4 a6 10. a5 (10. axb5 axb5 11. Rxa8 11... Qxa8 $11) 10... Bg7 11. Nb3 O-O
12. Bg5 h6 13. Be3 Ne8 14. Qd2 Kh7 15. c3 c4 16. Nc1 cxd3 17. Nxd3 (17. Nh4 $5
$15 $142) 17... Nef6 $17 (17... Bxe4 $143 18. Ng5+ hxg5 19. Bxe4 $14) 18. Rfe1
Nxe4 19. Ng5+ $2 (19. Qe2 $17 $142) 19... hxg5 $19 (19... Nxg5 $143 20. Bxb7
Nc5 21. Bxg5 Qxg5 22. Qxg5 hxg5 23. Nxc5 dxc5 24. Bxa8 Rxa8 25. Rad1 $16) 20.
Bxe4 Bxe4 21. Bxg5 f6 22. Rxe4 fxg5 23. Rd1 d5 24. Re2 Qf6 25. Nb4 d4 26. cxd4
exd4 27. Nd5 Qd6 28. Qxg5 (28. Nb6 Nxb6 29. axb6 Qxb6 30. Qxg5 $19) 28... Rf5
29. Qh4+ Rh5 30. Qe4 0-1

[Event "Bad Woerishofen op"]
[Site "Bad Woerishofen"]
[Date "2001.??.??"]
[Round "3"]
[White "Maniocha, Marek"]
[Black "Bischoff, Dieter"]
[Result "1/2-1/2"]
[WhiteElo "2073"]
[BlackElo "2222"]
[Annotator "ChessOrg"]
[PlyCount "66"]
[EventDate "1998.03.05"]
[Source "ChessBase"]
[SourceDate "1998.04.29"]

1. Nf3 {A04: Hollaendisches System} 1... Nf6 2. g3 g6 3. d3 Bg7 4. e4 d6 5. Bg2
O-O 6. O-O c5 7. c3 Nc6 8. Nbd2 b6 9. Re1 9... Ba6 {letzter Buchzug} 10. Nf1
Rc8 11. Bg5 h6 12. Bf4 (12. Bxf6 Bxf6 13. Qd2 13... Bg7 $11) 12... e5 13. Be3
Ng4 14. Bh3 Nxe3 15. Nxe3 (15. fxe3 $143 15... Rc7 $15) 15... Rb8 16. Nd5 b5
17. b3 (17. a3 17... Ne7 $11) 17... Ne7 18. Nxe7+ Qxe7 19. c4 b4 (19... Rb6 20.
Qe2 $15) 20. Nd2 h5 (20... Bb7 21. Nf1 $11) 21. a3 Bc8 22. Bxc8 Rfxc8 23. a4 a5
24. Nf1 Bh6 25. Ra2 h4 26. Qg4 hxg3 27. hxg3 Qg5 (27... Qe6 28. Qf3 $15) 28.
Qxg5 Bxg5 29. f3 (29. Ne3 Bxe3 30. fxe3 30... Rf8 $11) 29... Kg7 $15 30. Rh2
Rh8 31. Ree2 Rxh2 (31... f5 32. Reg2 $15) 32. Kxh2 (32. Rxh2 32... f5 $11)
32... f5 33. Kg2 f4 1/2-1/2

[Event "Bad Woerishofen op"]
[Site "Bad Woerishofen"]
[Date "2001.??.??"]
[Round "5"]
[White "Maniocha, Marek"]
[Black "Schmitt, Karl"]
[Result "1-0"]
[WhiteElo "2073"]
[BlackElo "1802"]
[Annotator "ChessOrg"]
[PlyCount "83"]
[EventDate "1998.03.05"]
[Source "ChessBase"]
[SourceDate "1998.04.29"]

1. d4 {B13: Caro-Kann (Abtausch-Variante 4.c4)} 1... c5 2. e3 cxd4 3. exd4 d5
4. Nf3 Nc6 5. c3 5... Bg4 {letzter Buchzug} 6. Be2 e6 7. O-O (7. Qb3 7... Qd7
$11) 7... Bd6 8. Re1 Qc7 9. Ne5 Bxe2 (9... Nxe5 10. dxe5 (10. Bxg4 $6 10...
Nxg4 11. Qxg4 11... g6 $11 (11... Bxh2+ 12. Kh1 g5 13. Qxg5 $18 (13. Bxg5 $6
13... Bd6 $11))) 10... Bxe2 11. exd6 Bxd1 12. dxc7 $11) 10. Qxe2 h6 (10... Nf6
11. Bf4 O-O 12. Nd2 $11) 11. f4 (11. Bf4 11... Rh7 $11) 11... Nxe5 (11... Nf6
$5 $15) 12. fxe5 $14 12... Be7 13. Rf1 Bg5 14. Na3 a6 15. c4 Ne7 16. Bxg5 hxg5
17. c5 (17. Rac1 Nc6 18. cxd5 18... exd5 $14) 17... Nf5 18. Nc2 O-O-O 19. g4
Nh4 20. b4 (20. Nb4 a5 21. Nd3 21... Rdf8 $16) 20... Ng6 $11 21. b5 Nf4 22.
Rxf4 gxf4 23. bxa6 bxa6 24. Nb4 a5 25. Qa6+ Kd7 26. Qb5+ Ke7 27. Nc6+ Kf8 28.
Nxd8 Qxd8 29. Rb1 f6 30. Qb8 (30. Qa6 Rh4 31. Qa7 $18) 30... Kf7 $16 31. Rb7+
Kg6 32. Qd6 fxe5 (32... Qc8 $5 $142 33. Rb6 Rd8 34. Qxe6 Qxe6 35. Rxe6 35...
Kf7 $18) 33. Qxe6+ $18 33... Qf6 34. Qxd5 (34. Qxe5 $6 34... Qxe5 35. dxe5
35... Rc8 $14) 34... Rd8 $4 (34... Kh7 35. Qxe5 Qxe5 36. dxe5 36... Re8 $18)
35. Qe4+ Kg5 (35... Kh6 36. Rb6 Qxb6 37. cxb6 Rxd4 38. Qxe5 Rd1+ 39. Kf2 39...
Kh7 $18) 36. Rb6 (36. Rxg7+ $1 36... Qxg7 37. Qf5+ Kh6 38. Qh5#) 36... Rxd4 (
36... Qf7 37. Rb2 Rd7 38. h4+ Kxh4 39. Rh2+ Kg5 40. Qxe5+ 40... Kg6 $18) 37.
h4+ (37. Rxf6 Rxe4 38. Ra6 38... Ra4 $17) 37... Kxh4 38. Qh1+ Kxg4 39. Qg2+ Kf5
40. Qc2+ e4 (40... Kg5 41. Rxf6 41... gxf6 $18) 41. Rxf6+ Kxf6 (41... gxf6 42.
c6 Rd8 43. c7 $18) 42. c6 (42. c6 Rd8 43. c7 $18) 1-0

[Event "Bad Woerishofen op"]
[Site "Bad Woerishofen"]
[Date "2001.??.??"]
[Round "9"]
[White "Maniocha, Marek"]
[Black "Puth, Dieter"]
[Result "0-1"]
[WhiteElo "2073"]
[BlackElo "2185"]
[Annotator "ChessOrg"]
[PlyCount "120"]
[EventDate "1998.03.05"]
[Source "ChessBase"]
[SourceDate "1998.04.29"]

1. d4 {D95: Gruenfeld-Verteidigung (Geschlossenes System)} 1... Nf6 2. c4 g6 3.
Nc3 d5 4. e3 Bg7 5. Nf3 O-O 6. Qb3 dxc4 7. Bxc4 7... Nbd7 {letzter Buchzug} 8.
O-O (8. Ng5 $5 8... e6 9. Bxe6 $16) 8... Nb6 $11 9. Be2 Bf5 10. Bd2 a5 11. a4
c6 12. Rac1 Ne4 13. Rfd1 Nxd2 14. Nxd2 Be6 15. Qc2 Nd5 16. Nxd5 Bxd5 17. Qc5
Rb8 18. e4 Be6 19. Nf3 Bb3 20. Rd3 Bxa4 21. Ra3 b6 22. Qg5 Bb5 23. Bxb5 h6 24.
Qe3 cxb5 25. Rac3 b4 26. Rc7 e6 27. e5 Re8 28. R1c4 Re7 29. R7c6 Bf8 30. Qc1
Re8 31. Rc7 b5 32. R4c6 a4 33. h3 a3 34. b3 Kg7 35. Qf4 (35. Ra7 $5 $17) 35...
Re7 $19 36. Qf6+ Kg8 37. Rxe7 Qxe7 38. Qxe7 (38. Qf4 Qd7 39. Rc1 39... Rc8 $19)
38... Bxe7 39. Ra6 Rc8 40. Nd2 (40. Kf1 40... Rc2 $19) 40... Rc2 (40... Rc1+
41. Kh2 $19) 41. Ne4 Rb2 42. Ra7 Kf8 43. Ra8+ Kg7 44. Nd6 Rxb3 45. Ne8+ Kh7 46.
Ra7 Bg5 (46... Rb1+ 47. Kh2 Kg8 48. Nd6 $19) 47. g3 47... a2 $4 (47... Rd3 $142
48. Nd6 Kg8 (48... Rxd4 $6 49. Nxf7 Kg8 50. f4 $19) 49. Nxb5 49... Bc1 $19) 48.
Rxa2 $17 48... Ra3 49. Rb2 b3 50. Nd6 $4 (50. Rb1 $17 $142) 50... Bc1 $19 51.
Rb1 b2 52. Nxb5 Ra1 53. Rxb2 Bxb2+ 54. Kg2 Kg7 55. h4 Ra5 56. Nd6 Bxd4 57. f4
Ra2+ 58. Kf3 Ra3+ 59. Kg2 h5 60. Ne8+ Kf8 (60... Kf8 61. Nd6 Ra2+ 62. Kf3 62...
Bf2 $19) 0-1

[Event "Bad Woerishofen op"]
[Site "?"]
[Date "2001.??.??"]
[Round "1"]
[White "Mantzouneas, Nikolaos"]
[Black "Roeder, Matthias"]
[Result "0-1"]
[WhiteElo "2033"]
[BlackElo "2456"]
[Annotator "ChessOrg"]
[PlyCount "108"]
[EventDate "2000.??.??"]

1. d4 {E15: Damenindisch (Hauptfortsetzung, Abweichungen)} 1... Nf6 2. Nf3 e6
3. c4 b6 4. g3 Ba6 5. b3 Bb4+ 6. Bd2 Bxd2+ 7. Nbxd2 Bb7 8. Bg2 c5 9. dxc5 {
letzter Buchzug} 9... bxc5 10. O-O Qc7 11. Re1 Nc6 12. e4 d6 13. Nb1 O-O 14.
Nc3 a6 15. Qd2 Rfd8 16. Rad1 Ne5 17. h3 Nxf3+ 18. Bxf3 Rab8 19. Re3 Rd7 20. Rd3
Rbd8 21. g4 Kf8 22. g5 Ng8 23. h4 Ne7 24. h5 Nc6 25. Qf4 Kg8 26. Bg2 Nd4 27. h6
e5 28. Qe3 g6 29. f4 f6 30. Qg3 (30. gxf6 30... Rf7 $14) 30... exf4 31. Qxf4
fxg5 32. Qxg5 Rf8 33. Rf1 Rdf7 34. Rdd1 Qe7 (34... Qd7 $5 $11) 35. Qxe7 $14
35... Rxe7 36. Rxf8+ Kxf8 37. Kf2 Re5 38. Rh1 Ke7 39. Kg3 Rg5+ 40. Kf2 Rg4 41.
Rh3 Bc6 42. Bf3 Rf4 43. Ke3 Rxf3+ 44. Rxf3 Nxf3 45. Kxf3 Kf6 46. Kf4 g5+ 47.
Ke3 Kg6 48. Ne2 (48. a3 $5 $15) 48... Kxh6 $17 49. Ng3 Kg6 50. Nf5 Kf6 51. Nxd6
h5 52. a3 a5 53. Nf5 Ke5 54. Nh6 Be8 (54... Be8 55. Kf3 55... Bg6 $19) 0-1

[Event "Bad Woerishofen op"]
[Site "Bad Woerishofen"]
[Date "2001.??.??"]
[Round "3"]
[White "Mantzouneas, Nikolaos"]
[Black "Forster, Gabriele"]
[Result "1-0"]
[WhiteElo "2033"]
[BlackElo "1800"]
[Annotator "ChessOrg"]
[PlyCount "79"]
[EventDate "1998.03.05"]
[Source "ChessBase"]
[SourceDate "1998.04.29"]

1. d4 {
D55: Damengambit (Hauptvariante, Abweichungen - Alte Lasker-Variante, etc.)}
1... d5 2. Nf3 Nf6 3. c4 e6 4. Nc3 Be7 5. Bg5 O-O 6. e3 Nc6 7. Rc1 {
letzter Buchzug} 7... Nd7 8. Bf4 Nb6 9. c5 Nd7 10. Nb5 (10. Bd3 $14 $142) 10...
Nf6 $2 (10... e5 $142 11. Bg3 11... Rb8 $11) 11. Bxc7 $18 11... Qd7 12. Bg3 a6
13. Nc3 Nh5 14. Ne5 Nxe5 15. Qxh5 (15. dxe5 $6 15... Nxg3 16. hxg3 16... Qc7
$16) 15... Ng6 16. Bd3 f5 17. O-O Rf6 18. b3 Qe8 19. Na4 Bd7 20. Nb6 20... Bc6
$6 (20... Nf8 21. Qxe8 21... Rxe8 $18) 21. Nxa8 Qxa8 22. a4 Be8 23. Qd1 Bc6 24.
Qc2 Qe8 25. Ra1 Rf8 26. b4 Bh4 27. Rfb1 Bxg3 28. hxg3 Ne7 (28... Bd7 29. b5 $18
) 29. b5 Bd7 30. bxa6 bxa6 31. Bxa6 Nc6 32. Bb5 h6 33. Qd3 Ne7 34. Bxd7 Qxd7
35. a5 Ra8 36. Qb5 (36. a6 36... Nc6 $18) 36... Nc6 37. a6 h5 (37... Ra7 $18)
38. Qb7 Qe8 39. Rb6 Na7 40. Rxe6 $1 (40. Rxe6 Qf8 41. Re7 $18) 1-0

[Event "Bad Woerishofen op"]
[Site "Bad Woerishofen"]
[Date "2001.??.??"]
[Round "5"]
[White "Mantzouneas, Nikolaos"]
[Black "Stoffel, Matthias"]
[Result "0-1"]
[WhiteElo "2033"]
[BlackElo "1800"]
[Annotator "ChessOrg"]
[PlyCount "60"]
[EventDate "1998.03.05"]
[Source "ChessBase"]
[SourceDate "1998.04.29"]

1. d4 {E98: Koenigsindisch (Klassisches System)} 1... Nf6 2. Nf3 g6 3. c4 Bg7
4. Nc3 d6 5. e4 O-O 6. Be2 e5 7. O-O Nc6 8. d5 Ne7 9. Ne1 Ne8 10. Be3 f5 11. f3
f4 12. Bf2 g5 13. c5 Ng6 14. Rc1 {letzter Buchzug} 14... Rf7 15. cxd6 cxd6 16.
Nb5 Bd7 17. a4 h5 (17... a6 18. Nc3 $14) 18. h3 (18. Nxa7 Qa5 19. Bb5 Bxb5 20.
Nxb5 Qxa4 21. Qxa4 21... Rxa4 $16) 18... Bf8 (18... a6 19. Nc3 $11) 19. b4 (19.
Nxa7 Qa5 20. Bb5 Bxb5 21. Nxb5 Qxa4 22. Qxa4 22... Rxa4 $14) 19... a6 20. Na3
Nf6 21. Nc4 g4 (21... Rc8 22. Bd3 $11) 22. hxg4 hxg4 23. g3 $4 (23. Bb6 $142
23... Qe8 24. fxg4 $14) 23... fxg3 $17 24. Bxg3 (24. Bb6 $5 $142 24... Qe8 25.
a5 $17) 24... Nh5 $19 25. Bf2 (25. Bxe5 Nxe5 26. fxg4 26... Nf4 $19) 25... g3
26. Be3 (26. Ng2 gxf2+ 27. Kxf2 $19) 26... Qh4 27. Rf2 gxf2+ 28. Bxf2 Qg5+ 29.
Ng2 Ngf4 30. Bf1 (30. Nce3 Nxg2 31. Ng4 Bxa4 32. Qf1 $19) 30... Nh3+ (30...
Nh3+ 31. Kh1 Nxf2+ 32. Kg1 Nh3+ 33. Kh1 Ng3+ 34. Kh2 Rh7 35. Nce3 Ne2 36. Bxe2
Nf2+ 37. Kg1 Qg3 38. Bxa6 Rh1#) 0-1

[Event "Bad Woerishofen op"]
[Site "Bad Woerishofen"]
[Date "2001.??.??"]
[Round "7"]
[White "Mantzouneas, Nikolaos"]
[Black "Bonani, Georg"]
[Result "1-0"]
[WhiteElo "2033"]
[BlackElo "1794"]
[Annotator "ChessOrg"]
[PlyCount "45"]
[EventDate "1998.03.05"]
[Source "ChessBase"]
[SourceDate "1998.04.29"]

1. d4 {E97: Koenigsindisch (Klassisches System)} 1... Nf6 2. Nf3 g6 3. c4 Bg7
4. Nc3 O-O 5. e4 d6 6. Be2 e5 7. O-O Nc6 8. d5 Ne7 9. Kh1 Ne8 10. Ng1 {
letzter Buchzug} 10... f5 11. f4 exf4 12. exf5 (12. Rxf4 12... Nf6 $11) 12...
g5 13. Nf3 Nxf5 (13... Rxf5 $143 14. Bd3 $14) 14. Bd3 Qf6 (14... Ne3 $142 15.
Bxe3 15... fxe3 $15) 15. Ne4 $14 15... Qh6 16. Nfxg5 Ng3+ (16... Be5 $5 $14)
17. Nxg3 $16 17... fxg3 $4 (17... Qxg5 $142 18. Qc2 18... Qg4 $16) 18. Bxh7+
$18 18... Qxh7 19. Rxf8+ Bxf8 20. Nxh7 Kxh7 (20... Bg7 21. Qh5 gxh2 22. Qxe8+
22... Kxh7 $18) 21. Qh5+ Kg8 22. Qxe8 gxh2 23. Bh6 (23. Bh6 Be6 24. Qxe6+ (24.
dxe6 $6 24... Rxe8 25. Bxf8 25... Kxf8 $14) 24... Kh8 25. Rf1 Re8 26. Qxe8 Kh7
27. Qxf8 Kg6 28. Qf6+ Kh5 29. Qg5#) 1-0

[Event "Bad Woerishofen op"]
[Site "Bad Woerishofen"]
[Date "2001.??.??"]
[Round "9"]
[White "Mantzouneas, Nikolaos"]
[Black "Walther, Alexander"]
[Result "1/2-1/2"]
[WhiteElo "2033"]
[BlackElo "1743"]
[Annotator "ChessOrg"]
[PlyCount "62"]
[EventDate "1998.03.05"]
[Source "ChessBase"]
[SourceDate "1998.04.29"]

1. d4 {A40: Verschiedene (seltene) Antworten auf 1.d4} 1... c6 2. c4 d6 3. e4
Qc7 4. Nc3 e5 5. Nf3 Bg4 6. Be2 6... Nf6 {letzter Buchzug} 7. h3 Bh5 8. Be3
Nbd7 9. Qc2 Be7 10. a3 a6 11. b4 Bg6 (11... O-O-O 12. g4 exd4 13. Nxd4 $14) 12.
dxe5 dxe5 13. c5 Nd5 14. Bd2 O-O 15. O-O a5 16. Rab1 (16. Nxd5 $143 16... cxd5
17. Bd3 axb4 18. Bxb4 18... Nxc5 $17) 16... axb4 17. axb4 Ra3 (17... b6 18.
cxb6 (18. Nxd5 cxd5 19. Bd3 dxe4 20. Bxe4 Bxe4 21. Qxe4 21... bxc5 $15) 18...
Qxb6 19. b5 $14 (19. Nxd5 $143 19... cxd5 20. Bd3 20... Rfc8 $17)) 18. Bd3 $14
18... Nf4 19. Bc1 Raa8 20. Bc4 Bh5 21. Nh2 b6 (21... b5 22. Bb3 $11) 22. Bxf4
exf4 23. cxb6 Nxb6 24. Be2 Bg6 25. Rfc1 Qb7 26. Bd3 Rfd8 27. Ng4 (27. Ne2 27...
Qb8 $14) 27... Ra3 $11 28. Rd1 Bh5 29. Rb3 (29. Be2 $5 29... Rxd1+ 30. Bxd1 $14
) 29... Rxb3 $17 30. Qxb3 Bxg4 31. hxg4 Nc8 (31... Nd7 $5 $15) 1/2-1/2

[Event "Bad Woerishofen op"]
[Site "Bad Woerishofen"]
[Date "2001.??.??"]
[Round "2"]
[White "Markus, John R"]
[Black "Filippov, Valeri"]
[Result "0-1"]
[WhiteElo "2225"]
[BlackElo "2619"]
[Annotator "ChessOrg"]
[PlyCount "56"]
[EventDate "1998.03.05"]
[Source "ChessBase"]
[SourceDate "1998.04.29"]

1. d4 {D05: Damenbauernspiele (Colle-Aufbau)} 1... Nf6 2. Nf3 d5 3. e3 e6 4.
Bd3 c5 5. c3 Nc6 6. Nbd2 Bd6 7. O-O O-O 8. dxc5 Bxc5 9. e4 9... Qc7 {
letzter Buchzug} 10. Qe2 h6 11. b4 Bd6 12. Bb2 Ne5 13. Nxe5 Bxe5 14. Nf3 dxe4 (
14... Nxe4 $2 15. Nxe5 Qxe5 16. f3 $18) 15. Nxe5 exd3 16. Nxd3 Nd5 17. Rac1 Qc4
18. Rfe1 b6 (18... Qxa2 $143 19. c4 Nb6 20. Rc3 $16) 19. Ne5 Qxe2 (19... Qxa2
$143 20. Ra1 Qb3 21. Ra3 Nxc3 22. Qd2 Qxb4 23. Rxc3 $16 (23. Qxc3 $6 23... Qxc3
24. Rxc3 24... f6 $11)) 20. Rxe2 f6 21. Nf3 e5 22. Rd2 Be6 23. b5 Nc7 24. c4
Rfd8 25. Kf1 Bg4 26. Rxd8+ (26. Rcd1 Rxd2 27. Rxd2 27... Be6 $15) 26... Rxd8
$17 27. Ke1 Ne6 28. a4 (28. Bc3 $5 $17) 28... Nc5 (28... Nc5 29. Kf1 29... Nxa4
$19) (28... e4 $5 29. Nh4 Nf4 30. Bc3 $19) 0-1

[Event "Bad Woerishofen op"]
[Site "Bad Woerishofen"]
[Date "2001.??.??"]
[Round "4"]
[White "Markus, John R"]
[Black "Sand, Rolf"]
[Result "1-0"]
[WhiteElo "2225"]
[BlackElo "2113"]
[Annotator "ChessOrg"]
[PlyCount "143"]
[EventDate "1998.03.05"]
[Source "ChessBase"]
[SourceDate "1998.04.29"]

1. d4 {A48: Koenigsindisch (ohne c2-c4)} 1... Nf6 2. Nf3 g6 3. Bf4 Bg7 4. e3
O-O 5. h3 d6 6. Be2 c5 7. c3 Qb6 8. Qb3 8... Qxb3 {letzter Buchzug} 9. axb3 Nc6
10. Nbd2 Nd5 11. Bg3 cxd4 12. exd4 e5 13. dxe5 dxe5 (13... Nxe5 $143 14. Ne4
$16) 14. O-O Nf4 15. Bc4 Be6 16. Bxf4 Bxc4 17. Nxc4 exf4 18. b4 Rfe8 19. b5 Ne5
20. Ncxe5 (20. Nfxe5 Bxe5 21. Rfd1 21... Bf6 $14) 20... Bxe5 $14 21. Rfe1 f6
22. Re4 Kf7 23. Rea4 Bb8 24. Kf1 Re6 25. Nd4 Rb6 (25... Re8 26. b4 $11) 26. c4
Be5 27. c5 Bxd4 28. cxb6 (28. Rxd4 $6 28... Rxb5 29. Rd7+ Kf8 30. Rxh7 30...
Kg8 $11) 28... Bxb6 29. Rd1 g5 30. b3 Rc8 31. Rc4 Re8 32. Rd7+ Kg6 33. Rxb7 Re5
34. Ra4 Rxb5 (34... Rd5 $5 $16) 35. Raxa7 $18 35... Rxb3 36. Ra6 Rb1+ 37. Ke2
Rb2+ 38. Kd3 Bd4 39. Rxb2 Bxb2 40. Ke4 Be5 41. Ra8 h5 42. h4 gxh4 43. f3 h3 44.
gxh3 Kg5 45. Rh8 Kh4 46. Rh7 Kxh3 (46... Kg5 $5 $14) 47. Rxh5+ $16 47... Kg3
48. Rh7 Kg2 49. Rg7+ Kf2 50. Ra7 Kg3 51. Ra2 Bc7 52. Ra3 Be5 53. Rd3 Bc7 54.
Kf5 (54. Rd7 54... Be5 $18) 54... Be5 $4 (54... Bb6 55. Ke4 Bc7 56. Rd7 $18)
55. Ke4 $4 (55. Rb3 Bd4 56. Ke4 56... Bc5 $18) 55... Bc7 $16 56. Rc3 Be5 57.
Rc6 Bb2 58. Rc8 (58. Rb6 $142 58... Be5 59. Rb5 $18) 58... f5+ $11 59. Kxf5
Kxf3 60. Rc4 Ke3 61. Rxf4 Kd3 62. Re4 Bc3 63. Rh4 Bd4 64. Ke6 Ba1 65. Kd5 Bg7
66. Rg4 Bf8 67. Rg3+ Ke2 68. Ke4 Bc5 69. Rg2+ Kf1 70. Rc2 Bf8 71. Kf3 71... Bh6
$4 (71... Ke1 $14 $142) 72. Rh2 $18 (72. Rh2 Ke1 73. Rxh6 $18) 1-0

[Event "Bad Woerishofen op"]
[Site "Bad Woerishofen"]
[Date "2001.??.??"]
[Round "5"]
[White "Markus, John R"]
[Black "Reefschlaeger, Helmut"]
[Result "1/2-1/2"]
[WhiteElo "2225"]
[BlackElo "2355"]
[Annotator "ChessOrg"]
[PlyCount "35"]
[EventDate "1998.03.05"]
[Source "ChessBase"]
[SourceDate "1998.04.29"]

1. e4 {C03: Franzoesische Verteidigung (Tarrasch-Variante)} 1... e6 2. d4 d5 3.
Nd2 Nc6 4. c3 e5 5. Bb5 {letzter Buchzug} 5... exd4 6. cxd4 dxe4 7. Nxe4 Bb4+
8. Nc3 Nge7 9. Nge2 O-O 10. O-O a6 11. Bc4 b5 12. Bb3 Na5 13. Bc2 Bf5 14. Ne4
Nac6 15. Kh1 Bd6 16. Nxd6 Qxd6 (16... Bxc2 17. Qxc2 cxd6 18. a4 $11) 17. Bf4
Qd7 18. Bxf5 1/2-1/2

[Event "Bad Woerishofen op"]
[Site "Bad Woerishofen"]
[Date "2001.??.??"]
[Round "7"]
[White "Markus, John R"]
[Black "Engels, Marco"]
[Result "1-0"]
[WhiteElo "2225"]
[BlackElo "2158"]
[Annotator "ChessOrg"]
[PlyCount "23"]
[EventDate "1998.03.05"]
[Source "ChessBase"]
[SourceDate "1998.04.29"]

1. d4 {D03: Damenbauernspiele} 1... e6 2. Nf3 Nf6 3. Bg5 d5 4. e3 Be7 5. Nbd2
Nbd7 6. Bd3 b6 7. c3 Bb7 8. O-O c5 9. Qa4 O-O 10. Ne5 10... Nxe5 {
letzter Buchzug} 11. dxe5 11... Nd7 $4 (11... Nh5 $142 12. Bxe7 12... Qxe7 $14)
12. Qh4 $18 (12. Qh4 f5 13. Bxe7 $18) 1-0

[Event "Bad Woerishofen op"]
[Site "Bad Woerishofen"]
[Date "2001.??.??"]
[Round "9"]
[White "Markus, John R"]
[Black "Mentel, Juergen"]
[Result "1-0"]
[WhiteElo "2225"]
[BlackElo "2024"]
[Annotator "ChessOrg"]
[PlyCount "95"]
[EventDate "1998.03.05"]
[Source "ChessBase"]
[SourceDate "1998.04.29"]

1. d4 {B07: Pirc-Ufimzew-Verteidigung} 1... d6 2. e4 Nf6 3. Nc3 c6 4. h3 4...
Qa5 {letzter Buchzug} 5. Bd3 e5 6. Nf3 Be7 7. O-O O-O 8. Be3 Nbd7 9. a4 (9. d5
cxd5 10. Nxd5 Nxd5 11. exd5 11... f5 $11 (11... Qxd5 $4 12. Bxh7+ Kxh7 13. Qxd5
$18)) 9... exd4 10. Nxd4 Nc5 11. f4 Nxd3 (11... Re8 12. Qf3 $15) 12. cxd3 d5
13. e5 Ne8 14. Nb3 Qd8 15. a5 f5 16. Kh2 g6 17. Bc5 Nc7 18. d4 Na6 19. Bxe7
Qxe7 20. Rf3 Be6 21. Na4 Nc7 22. Nbc5 Nb5 23. Nc3 a6 24. Nxb5 cxb5 25. Qb3 Rac8
26. Rc3 Rc6 27. Rac1 Rfc8 28. g3 Kf7 29. h4 Kg8 30. Kg2 h5 31. Kf2 Kf7 32. Ke2
Ke8 33. Kd2 Kf7 34. Qb4 Kg8 (34... R8c7 $5 $14 $142) 35. Nxa6 $1 $18 35... Qxb4
36. Nxb4 Rc4 37. Rxc4 (37. Nd3 Ra8 38. Nc5 Bc8 39. Rxc4 39... bxc4 $18) 37...
dxc4 (37... bxc4 $5 $142 38. b3 Ra8 39. bxc4 39... dxc4 $18) 38. Kc3 $18 38...
Rd8 (38... Kf8 39. d5 Bg8 40. Kd4 $18) 39. d5 $1 39... Bd7 (39... Rxd5 40. Nxd5
) 40. e6 Be8 41. Rd1 Rd6 42. Nc2 (42. b3 cxb3 43. Kxb3 43... Kf8 $18) 42... Kf8
43. Kb4 Ke7 44. Na3 b6 (44... Ra6 45. Nxb5 Bxb5 46. Kxb5 46... Kd6 $18) 45. a6
(45. Nxb5 $6 45... bxa5+ 46. Kxa5 46... Rd8 $18) 45... Bc6 (45... Rd8 $18) 46.
dxc6 Rxc6 47. a7 Rc8 48. Nxb5 (48. Nxb5 Kxe6 49. Rd6+ Ke7 50. Rxb6 $18) 1-0

[Event "Bad Woerishofen op"]
[Site "Bad Woerishofen"]
[Date "2001.??.??"]
[Round "2"]
[White "Marotzke, Stefan"]
[Black "Dobierzin, Olaf"]
[Result "0-1"]
[WhiteElo "1761"]
[BlackElo "2163"]
[Annotator "ChessOrg"]
[PlyCount "54"]
[EventDate "1998.03.05"]
[Source "ChessBase"]
[SourceDate "1998.04.29"]

1. d4 {A45: Damenbauernspiele (Trompowski-Angriff)} 1... Nf6 2. Bg5 g6 3. Bxf6
exf6 4. Nf3 {letzter Buchzug} 4... Bg7 5. e3 O-O 6. Bd3 f5 7. O-O d6 8. c3 Nd7
9. Qc2 Nf6 10. Nbd2 b6 11. e4 fxe4 12. Nxe4 Nh5 13. Rfe1 Nf4 14. Bf1 Bf5 15.
Qa4 Re8 16. Ng3 Bd7 17. Qc2 (17. Bb5 Bxb5 18. Qxb5 18... d5 $11) 17... Bc6 18.
Rxe8+ Qxe8 19. Re1 Qd7 20. Qd1 h5 21. Ne4 (21. Bc4 $5 $11 $142) 21... Qg4 $15
22. Nfg5 (22. Neg5 f6 23. h3 23... Qf5 $15) 22... Qxd1 $17 23. Rxd1 f6 24. g3 (
24. d5 $5 24... Bxd5 25. g3 fxg5 26. Nxg5 Bxa2 27. gxf4 $17) 24... fxg5 $19 25.
Nxg5 Nd5 26. Bc4 (26. Re1 Bf6 27. Ne4 27... Kf7 $19) 26... Re8 27. Nh3 Bh6 (
27... Bh6 28. f4 28... a5 $19) 0-1